100 Biggest Cities in Europe - Statistics

General Stats
  • This quiz has been taken 55 times
    29 since last reset
  • The average score is 57 of 100
Answers on the Map
Answers color-coded by a green-red scale on the quiz's map according to % correct below.
 
Answer Stats
City Country Population (thousands) % Correct
Kyiv Ukraine 3,016
100%
Lisbon Portugal 3,041
100%
Athens Greece 3,157
88%
Barcelona Spain 5,752
88%
Berlin Germany 3,584
88%
Brussels Belgium 2,150
88%
Budapest Hungary 1,784
88%
Copenhagen Denmark 1,410
88%
Helsinki Finland 1,362
88%
Istanbul Turkey 15,754
88%
Liverpool United Kingdom 935
88%
London United Kingdom 9,927
88%
Madrid Spain 6,834
88%
Milan Italy 3,175
88%
Minsk Belarus 2,076
88%
Odessa Ukraine 1,002
88%
Oslo Norway 1,130
88%
Paris France 11,418
88%
Rome Italy 4,361
88%
Saint Petersburg Russia 5,609
88%
Stockholm Sweden 1,755
88%
Vienna Austria 2,020
88%
Warsaw Poland 1,800
88%
Amsterdam Netherlands 1,196
75%
Antwerp Belgium 1,069
75%
Belfast United Kingdom 657
75%
Belgrade Serbia 1,415
75%
Birmingham United Kingdom 2,724
75%
Bucharest Romania 1,750
75%
Dublin Ireland 1,314
75%
Geneva Switzerland 650
75%
Glasgow United Kingdom 1,730
75%
Hamburg Germany 1,789
75%
Kharkiv Ukraine 1,414
75%
Krakow Poland 769
75%
Lyon France 1,800
75%
Manchester United Kingdom 2,853
75%
Marseille France 1,654
75%
Moscow Russia 12,757
75%
Munich Germany 1,596
75%
Naples Italy 2,186
75%
Nice France 961
75%
Porto Portugal 1,339
75%
Prague Czechia 1,335
75%
Rotterdam Netherlands 1,031
75%
Sofia Bulgaria 1,285
75%
Zurich Switzerland 1,467
75%
Bordeaux France 1,026
63%
Bristol United Kingdom 726
63%
Florence Italy 715
63%
Frankfurt am Main Germany 650
63%
Gothenburg Sweden 650
63%
Lviv Ukraine 718
63%
Newcastle upon Tyne United Kingdom 840
63%
Nottingham United Kingdom 826
63%
Skopje North Macedonia 625
63%
Southampton United Kingdom 974
63%
Thessaloniki Greece 816
63%
Turin Italy 1,814
63%
Zagreb Croatia 685
63%
Bologna Italy 822
50%
Brighton United Kingdom 637
50%
Donetsk Ukraine 871
50%
Genoa Italy 675
50%
Lodz Poland 645
50%
Nantes France 717
50%
Palermo Italy 853
50%
Sevilla Spain 703
50%
Sheffield United Kingdom 762
50%
Stuttgart Germany 638
50%
The Hague Netherlands 729
50%
Valencia Spain 843
50%
Bari Italy 627
38%
Dnipro Ukraine 926
38%
Duesseldorf Germany 644
38%
Lille France 1,098
38%
Verona Italy 646
38%
Wroclaw Poland 642
38%
Zaragoza Spain 745
38%
Liege Belgium 691
25%
Toulouse France 1,089
25%
Volgograd Russia 992
25%
Bergamo Italy 927
13%
Koeln Germany 963
13%
Krasnodar Russia 1,022
13%
Samara Russia 1,153
13%
Zaporizhia Ukraine 796
13%
Busto Arsizio Italy 671
0%
Izhevsk Russia 653
0%
Kazan Russia 1,302
0%
Nizhniy Novgorod Russia 1,250
0%
Padova Italy 703
0%
Perm Russia 1,087
0%
Rostov-na-Donu Russia 1,074
0%
Saratov Russia 837
0%
Seregno Italy 642
0%
Tol'yatti Russia 703
0%
Ufa Russia 1,150
0%
Ulyanovsk Russia 623
0%
Voronezh Russia 1,088
0%
No matching quizzes found
Score Distribution
Percent of People with Each Score
Percentile by Number Answered
Your Score History
You have not taken this quiz since the last reset